MARC

LEADER 00000nam0a2200000 4500
001 267076
005 20231101234044.0
020 |a RU  |b 86-99962э 
035 |a (RuTPU)RU\TPU\book\290098 
090 |a 267076 
100 |a 20140721d1986 m y0rusy5003 ca 
101 0 |a rus 
102 |a RU 
105 |a a j 001zy 
200 1 |a Проектирование и расчет многоэтажных гражданских зданий и их элементов  |e учебное пособие для вузов  |f П.Ф. Дроздов [и др.] 
210 |a Москва  |c Стройиздат  |d 1986 
215 |a 351 с.  |c ил. 
320 |a Библиогр.: с. 334. 
320 |a Перечень основных обозначений: с. 335-336. 
606 1 |a Проектные работы  |2 stltpush  |3 (RuTPU)RU\TPU\subj\51921  |9 70420 
610 1 |a многоэтажные здания 
610 1 |a элементы 
610 1 |a проектирование 
610 1 |a расчет 
610 1 |a ограждающие конструкции 
610 1 |a стыки 
610 1 |a несущие конструкции 
610 1 |a учебные пособия 
675 |a 721.011(075.8)  |z rus  |v 3 
701 1 |a Дроздов  |b П.Ф.  |g Павел Филаретович 
701 1 |a Додонов  |b М. И.  |g Михаил Иванович 
701 1 |a Паньшин  |b Л. Л.  |g Лев Львович 
701 1 |a Саруханян  |b Р. Л.  |g Роберт Левонович 
801 0 |a RU  |b RuMRKP  |c 19950417  |g psbo 
801 1 |a RU  |b 63413507  |c 20140721 
801 2 |a RU  |b 63413507  |c 20200114  |g RCR 
942 |c BK